| 000 | 00402nam a22001457a 4500 | ||
|---|---|---|---|
| 008 | 250602b |||||||| |||| 00| 0 eng d | ||
| 020 | _a978978905314 | ||
| 050 |
_aBV4510 _b.K76 |
||
| 100 | _aKrouse Bob | ||
| 245 | _aJourney with Jesus; A Guide Book for who follows his footsteps | ||
| 260 |
_aPlateau _bActs Bookshop _c2012 |
||
| 300 | _a224p | ||
| 650 | _aJesus Christ Biblical Teaching | ||
| 942 | _cBK | ||
| 999 |
_c3732 _d3732 |
||